Idea de la libertad
में बचाया:
| मुख्य लेखक: | |
|---|---|
| स्वरूप: | पुस्तक |
| भाषा: | स्पेनिश |
| प्रकाशित: |
Santiago
Academia Superior de Ciencias Pedagógicas
1982
|
| विषय: | |
| टैग: |
टैग जोड़ें
कोई टैग नहीं, इस रिकॉर्ड को टैग करने वाले पहले व्यक्ति बनें!
|
MARC
| LEADER | 00000nam a2200000 a 4500 | ||
|---|---|---|---|
| 001 | UCR0124 | ||
| 003 | CL-VaPUC | ||
| 008 | 971129e19820700CL |||||||||||||||||spa|d | ||
| 082 | 0 | 4 | |a 123.5 |b COX |2 21 |
| 100 | 0 | |a Cox, Ricardo |e author |9 395616 | |
| 245 | 1 | 0 | |a Idea de la libertad |
| 300 | |a 116 p | ||
| 942 | |c BK | ||
| 945 | |d 19971129 00:00:00 |a cmena | ||
| 260 | |a Santiago |b Academia Superior de Ciencias Pedagógicas |c 1982 | ||
| 650 | 0 | |a Libre albedrío |9 334583 | |
| 650 | 0 | |a Filosofía |9 223554 | |
| 650 | 0 | |a Escuelas filosóficas |9 266232 | |
| 650 | 0 | |a Determinismo |9 322357 | |
| 650 | 0 | |a Existencialismo |9 265698 | |
| 650 | 0 | |a Voluntarismo |9 378211 | |
| 650 | 0 | |a Filosofía de la acción |9 311007 | |
| 650 | 0 | |a Voluntad |9 307812 | |
| 650 | 0 | |a Conciencia |9 309452 | |
| 650 | 0 | |a Virtud y vicio |9 310637 | |
| 583 | |a last modification |c 19971129 00:00:00 |k Rodrigo Vera | ||
| 999 | |c 263776 |d 263774 | ||
| 952 | |0 0 |1 0 |4 0 |6 123_500000000000000_COX_1982 |7 0 |8 DER_TF |9 293247 |a BIBDER |b BIBDER |d 2019-11-19 |i 1907514 |l 1 |o 123.5 COX 1982 |p 1907514 |r 2023-01-25 |s 2020-03-18 |w 2019-11-19 |x Ubicación 4to Piso |y BK |z Estos recursos deben solicitarse con anticipación |k DER | ||
| 952 | |0 0 |1 0 |4 0 |6 123_500000000000000_COX_1982 |7 0 |8 A |9 293248 |a BIBHIS |b BIBHIS |d 2019-11-19 |i 1202391 |o 123.5 COX 1982 |p 1202391 |r 2025-01-20 |w 2019-11-19 |y BK |k HIS | ||